000 01187nam a2200289 i 4500
001 184262
003 ES-MaACL
005 20250804063443.0
008 150603s2012 sp af |||| | spa d
020 _a978-84-9744-127-8
080 _a711.4(460.27 M.)"17"
080 _a582.091:631.53(460.27 M.)"17"
100 1 _aCrespo Delgado, Daniel,
_d1974-
_eaut
_9237517
245 1 0 _aÁrboles para una capital :
_bárboles en el Madrid de la Ilustración /
_cDaniel Crespo Delgado
260 _a[Aranjuez, Madrid] :
_bDoce Calles ;
_a[Madrid] :
_bFundación Juanelo Turriano,
_c[2012]
300 _a179 páginas, [16] páginas de láminas color :
_bilustraciones ;
_c24 cm
490 1 _aVisiones hispanas
_9225051
504 _aBibliografía: páginas 165-179
650 4 _aUrbanismo-
_zMadrid-
_yS.XVIII
_9156957
650 4 _aÁrboles-
_xPlantación-
_zMadrid
_9156958
710 2 _aFundación Juanelo Turriano
_eedt
_94352
830 0 _aVisiones hispanas
_9225051
852 1 _aES-MaACL
_bR.150377
_cDEPO1
_dOlim: N-6522
_hDonación Fundación Juanelo Turriano
_jA-13522
_9191247
942 _2udc
_cMONOGRAFIA
_n0
999 _c184262
_d184262